00406nam a22001457a 450000500170000002000180001704100120003508200160004710000230006324501240008625000070021026000240021730000080024136500110024920260618094310.0 a9788198712271 aEnglish aT16 R25 STE aStephen Jeyaseela  aKaalaniya Thamizhagathil Sattmum Neethimuraimaiyum: Vazhakku Visaaranaigal, Theerppugal Mattrum Thandanaigal, 1544-1845 a01 aChennaibNCBHc2025 a216 b185.00